Statistics for U.S. General Knowledge #22

Click here to take the quiz!

General Stats

  • This quiz has been taken 5,265 times
  • The average score is 14 of 20

Answer Stats

Question Answer % Correct
What figurative "war" has the U.S. government been fighting, and mostly losing, since 1971?The War on {Drugs}
88%
What city did Paul Revere live in?Boston
84%
In what state would you find the islands of Nantucket and Martha's Vineyard?Massachusetts
84%
What is the word for a crime that is less serious than a felony?Misdemeanor
82%
What TV show starred Bea Arthur, Betty White, Rue McClanahan, and Estelle Getty?The Golden Girls
82%
What city was home to the Flamingo, Tropicana, and Sahara hotels?Las Vegas
82%
What movie was named for a city in North Dakota, even though most
of it took place in Minnesota?
Fargo
80%
What neighborhood is known as "Tinseltown"?Hollywood
75%
What "30 Rock" actor has also parodied Donald Trump on "Saturday Night Live"?Alec Baldwin
74%
What profession requires a DDS degree?Dentistry
69%
What cereal box mascot resembles Count Dracula?Count Chocula
69%
What flavor of Ben & Jerry's ice cream is named after the lead singer of the Grateful Dead?{Cherry} Garcia
68%
Who starred in the TV show "Happy Days" and later went on to direct films such as "Apollo 13"?Ron Howard
65%
What U.S. government agency is tasked with responding to natural disasters?FEMA
63%
Who was the daughter of fast food tycoon Dave Thomas?{Wendy} Thomas
61%
What was the nickname of the "Strategic Defense Initiative", Reagan's proposed
space-based missile defense system?
Star Wars
61%
Who was the only President never to be elected as President or Vice President?Gerald Ford
59%
What type of gasoline, blamed for lowering IQs, was banned in the U.S. in 1996?Leaded
55%
What brand of chocolates includes an "affirmation" on the inside of the wrapper?Dove
37%
What city plays host to the Mummers Parade on New Year's Day?Philadelphia
29%

Score Distribution

Percentile by Number Answered

Percent of People with Each Score

Your Score History

You have not taken this quiz